Kerala state gazetteer (Record no. 487117)
[ view plain ]
| 000 -LEADER | |
|---|---|
| fixed length control field | 00417cam a22001217a 4500 |
| 008 - FIXED-LENGTH DATA ELEMENTS--GENERAL INFORMATION | |
| fixed length control field | 180718b-- xxu||||| |||| 00| 0 eng d |
| 082 ## - DEWEY DECIMAL CLASSIFICATION NUMBER | |
| Classification number | A75 K45KE |
| 245 ## - TITLE STATEMENT | |
| Title | Kerala state gazetteer |
| 260 ## - PUBLICATION, DISTRIBUTION, ETC. | |
| Place of publication, distribution, etc. | Trivandrum |
| Name of publisher, distributor, etc. | Kerala District Gazetteers |
| Date of publication, distribution, etc. | -- |
| 300 ## - PHYSICAL DESCRIPTION | |
| Extent | -v- |
| 500 ## - GENERAL NOTE | |
| General note | Contents: v.1. 1986. 401+p.;v.2. 1986. 380+p.;v.2. Part II. 1999.94p+;v.3. 1989. 779+p.;v.4. Part II. 1999. 387p. |
| 650 ## - SUBJECT ADDED ENTRY--TOPICAL TERM | |
| Topical term or geographic name entry element | Kerala - Gazetteers |
| Withdrawn status | Lost status | Damaged status | Not for loan | Permanent Location | Current Location | Date acquired | Full call number | Barcode | Date last seen | Price effective from | Koha item type |
|---|---|---|---|---|---|---|---|---|---|---|---|
| Indian Institute of Public Administration | Indian Institute of Public Administration | 2018-08-04 | A75 K45KE | G20383 | 2018-08-04 | 2018-08-04 | G | ||||
| Indian Institute of Public Administration | Indian Institute of Public Administration | 2018-08-04 | A75 K45KE | G18145 | 2018-08-04 | 2018-08-04 | G | ||||
| Indian Institute of Public Administration | Indian Institute of Public Administration | 2018-08-04 | A75 K45KE | G17839 | 2018-08-04 | 2018-08-04 | G | ||||
| Indian Institute of Public Administration | Indian Institute of Public Administration | 2018-08-04 | A75 K45KE | G17838 | 2018-08-04 | 2018-08-04 | G |
